| 000 | 00859nam a2200253Ia 4500 | ||
|---|---|---|---|
| 003 | OSt | ||
| 005 | 20220926021120.0 | ||
| 006 | a|||||r|||| 00| 0 | ||
| 007 | ta | ||
| 008 | 220923b |||||||| |||| 00| 0 eng d | ||
| 037 | _cGeneral Book | ||
| 040 |
_aRTL _cRTL _beng |
||
| 041 |
_2eng _aeng |
||
| 082 | _aX0gF, P4/UN | ||
| 100 |
_aUN,Economic And Social Comm.For Western Asia _9325801 |
||
| 110 | _aUnited nations, economic and Social Commission for Western Asia | ||
| 245 | 0 | _aNew indicators for science, technology and innovat | |
| 260 |
_aNew York _bU N _c2004 |
||
| 300 |
_a88p _ccm. |
||
| 650 | _aEconomics IRT Technology | ||
| 700 |
_aUnited nations, economic and Social Commission for Western Asia _9236312 |
||
| 942 |
_hX0gF, P4/UN _cGB _2CC |
||
| 999 |
_c635815 _d635815 |
||